000 00603nam a22002177a 4500
003 UA-OsUOA
001 69351
007 ta
008 20100617b un ||||| |||| 00| 0 ukr d
100 _aШвабій К.
090 _a3309477)
_bШ33
942 _cSA
040 _aUA-OsUOA
_bukr
_cUA-OsUOA
_dUA-OsUOA
245 _aМіжнародний досвід реформ у сфері оподаткування доходів населення
300 _aС.43-55
955 _a0
041 _aukr
080 _a3309477)
773 0 _w69346
650 7 _a330 Економіка взагалі
_2UDC
999 _c355601
_d355601